अर्थविज्ञान और व्याकरण दर्शन (Record no. 1023601)
[ view plain ]
| 000 -LEADER | |
|---|---|
| fixed length control field | 00992nam a2200265Ia 4500 |
| 003 - CONTROL NUMBER IDENTIFIER | |
| control field | OSt |
| 005 - DATE AND TIME OF LATEST TRANSACTION | |
| control field | 20221005112026.0 |
| 008 - FIXED-LENGTH DATA ELEMENTS--GENERAL INFORMATION | |
| fixed length control field | 221004b |||||||| |||| 00| 0 hin d |
| 020 ## - INTERNATIONAL STANDARD BOOK NUMBER | |
| International Standard Book Number | 9788171246281 (hbk) |
| 037 ## - SOURCE OF ACQUISITION | |
| Terms of availability | Textual |
| 040 ## - CATALOGING SOURCE | |
| Original cataloging agency | CRL |
| Transcribing agency | CRL |
| Language of cataloging | hin |
| 041 ## - LANGUAGE CODE | |
| Source of code | hin |
| Language code of text/sound track or separate title | hin |
| 100 ## - MAIN ENTRY--PERSONAL NAME | |
| Personal name | द्विवेदी, कपिलदेव |
| 245 #0 - TITLE STATEMENT | |
| Title | अर्थविज्ञान और व्याकरण दर्शन |
| 246 ## - VARYING FORM OF TITLE | |
| Title proper/short title | Arthavijnyān aur vyākaraṇ darshana |
| 250 ## - EDITION STATEMENT | |
| Edition statement | द्वितीय |
| 260 ## - PUBLICATION, DISTRIBUTION, ETC. | |
| Place of publication, distribution, etc. | वाराणसी |
| Name of publisher, distributor, etc. | विश्वविद्यालय प्रकाशन भारत |
| Date of publication, distribution, etc. | 1951 |
| 300 ## - PHYSICAL DESCRIPTION | |
| Extent | 368पृ0 |
| Dimensions | cm. |
| 942 ## - ADDED ENTRY ELEMENTS (KOHA) | |
| Classification part | P:4, 152J1 |
| Koha item type | Textual |
| Source of classification or shelving scheme | |
| Withdrawn status | Lost status | Damaged status | Not for loan | Home library | Current library | Date acquired | Source of acquisition | Cost, normal purchase price | Total Checkouts | Full call number | Barcode | Date last seen | Date last checked out | Cost, replacement price | Price effective from | Koha item type |
|---|---|---|---|---|---|---|---|---|---|---|---|---|---|---|---|---|
| Central Library | Arts Library | 2022-10-05 | 463, 12/02/2010, Eastern Book Linkers | 400.00 | 1 | P:4 152J1 | CL1451476 | 2026-04-09 | 2026-01-16 | 400.00 | 2022-10-05 | Textual |
